000 00350nam a2200133Ia 4500
008 240624s9999 xx 000 0 und d
041 _aeng
082 _a385.068 DOB
100 _aDOBBIN FRANK
245 _aFORGING INDUSTRIAL POLICY THE UNITED STA
260 _c1997
_aNew York
_bCambridge University Press
300 _a280 : p.
365 _cBPS
_b28
999 _c21125
_d21125